00342nam a22001217a 4500008004100000020001500041082001600056100002000072245005400092260004100146300000900187440002400196230619b xxu||||| |||| 00| 0 eng d a0872874877 a011.02bWYN cBohdan S. Wynar aAmerican Reference BooksbAnnual 1985 cVolume 16 aUSAbLibraries Unlimited , Incc1985 a670p vvolume 16x00659959